<?xml version="1.0" encoding="UTF-8"?>
<marc:record xmlns:marc="http://www.loc.gov/MARC21/slim">
   <marc:leader>00000nam a2200000 a 4500</marc:leader>
   <marc:datafield ind1="1" ind2=" " tag="100">
      <marc:subfield code="a">Van Zeveren, Michel</marc:subfield>
      <marc:subfield code="4">aut</marc:subfield>
      <marc:subfield code="e">Verfasser/-in</marc:subfield>
   </marc:datafield>
   <marc:datafield ind1="0" ind2="0" tag="245">
      <marc:subfield code="a">Miau Mio</marc:subfield>
   </marc:datafield>
   <marc:datafield ind1="0" ind2="0" tag="245">
      <marc:subfield code="c">Van Zeveren, Michel</marc:subfield>
   </marc:datafield>
   <marc:datafield ind1=" " ind2="1" tag="264">
      <marc:subfield code="a">Wien</marc:subfield>
      <marc:subfield code="b">Picus Verl.</marc:subfield>
      <marc:subfield code="c">2020</marc:subfield>
   </marc:datafield>
   <marc:datafield ind1="1" ind2=" " tag="520">
      <marc:subfield code="a">Quelle: bn.bibliotheksnachrichten (http://www.biblio.at/literatur/bn/index.html); &#xD;
Autor: Monika Brugger; &#xD;
Charmantes Bilderbuch für Katzenfreundinnen. (ab 4) (JD)&#xD;
Susi hat elf schwarz-weiße Kätzchen, die zwar allesamt von Ramses bis Roxana Namen haben, aber von ihrem Frauchen der Einfachheit halber Miau Mios genannt werden. Sie liebt ihre Schützlinge und so nimmt Susi die alltäglichen und auch nächtlichen Mühen, ihre kleinen Lieblinge laufend hinaus- oder hereinzulassen sowie sie zu füttern und zu verhätscheln, gerne in Kauf.&#xD;
Eines Tages wendet sich das Blatt und die Tiere beginnen, sie als"Königin der Katzen" zu verwöhnen: Sie servieren Kaffee, machen ihr Komplimente und Susi bekommt sogar eine Fußmassage. Dass dieses Verhalten mehr als atypisch für Katzen ist, wissen nicht nur ihre BesitzerInnen, und so verwundert es wenig, dass Susi all das nur träumte.&#xD;
Das Bilderbuch des belgischen Autors und Zeichners Michel Van Zeveren ist liebevoll und farbenfroh gestaltet. Gleichermaßen charakteristisch und einnehmend sind die Tierfreundin und ihre entzückende Katzenschar porträtiert. Katzenfreundinnen werden sich in Susi und ihrer Liebe zu den Stubentigern wiederfinden.</marc:subfield>
   </marc:datafield>
   <marc:datafield ind1=" " ind2=" " tag="020">
      <marc:subfield code="a">9783711740144</marc:subfield>
      <marc:subfield code="9">9783711740144</marc:subfield>
   </marc:datafield>
   <marc:datafield ind1=" " ind2=" " tag="020">
      <marc:subfield code="a">3711740146</marc:subfield>
      <marc:subfield code="9">3711740146</marc:subfield>
   </marc:datafield>
   <marc:datafield ind1=" " ind2=" " tag="041">
      <marc:subfield code="a">ger</marc:subfield>
   </marc:datafield>
   <marc:datafield ind1=" " ind2=" " tag="300">
      <marc:subfield code="b">überw. Ill.</marc:subfield>
   </marc:datafield>
   <marc:datafield ind1=" " ind2=" " tag="338">
      <marc:subfield code="a">Band</marc:subfield>
   </marc:datafield>
   <marc:datafield ind1=" " ind2=" " tag="300">
      <marc:subfield code="a">[40] S.</marc:subfield>
   </marc:datafield>
</marc:record>
